000 01993nam a2200301Ia 4500
999 _c55672
_d55672
001 22767
003 GE_BSU
005 20230518114731.0
008 181216s2017||||ge |||||||||||||| ||geo||
020 _a9789941260285
040 _cGE_BSU
041 _ageo
080 _a821.222.5-1 მ-30
245 _aმარგალიტის საიდუმლო :
_bეზიდური საკრალური პოეზია /
_c[დიმიტრი ფირბარი, დიმიტრი შჩედროვიცკი] ; მთარგმნელი დათო ბარბაქაძე ; რედაქტორი ზურაბ კიკნაძე.
264 _aთბილისი :
_bუნივერსალი,
_c201.7
300 _a257 გვ. ;
_c 20 სმ.
500 _aეძღვნება 2014 წელს შანგალის გენოციდის შედეგად დაღუპული ეზიდების ხსოვნას
520 _aრეზიუმე ინგლისურ ენაზე
541 _h7 ლ.
653 _aმარგალიტის საიდუმლო
653 _aეზიდური საკრალური პოეზია
700 _aფირბარი, დიმიტრი
_eავტორი
_918111
700 _aშჩედროვიცკი, დიმიტრი
_eავტორი
_918112
700 _a ბარბაქაძე, დათო
_eმთარგმნელი
_918113
700 _aკიკნაძე,ზურაბ
_eრედაქტორი
_918114
710 _aგიორგი წერეთლის აღმოსავლეთმცოდნეობის ინსტიტუტი
_bეზიდური კვლევების ცენტრი
_eეზიდთა სასულიერო საბჭო საქართველოში
_918115
942 _cBK
_2udc